00589nam a2200169Ia 450000500170000000800410001702000150005808200130007310000150008624500270010126000280012830000130015650001320016994200060030195200970030799900150040420241125081017.0240331s9999 xx 000 0 und d a0415131936 bMuna907 aMunslow, A 0aDeconstructing History aLondonbRoutledgec1997 a226 p ., aPostmodernism has changed how we study the past, In Deconstructing History, Alum Munslow examine history in the postmodern age. cL 001040708LaWERCLbWERCLcSSCd2024-03-31l0o 907.2 Munp2920r2024-03-31w2024-03-31yL c3396d3396